| 000 | 00548nam a2200217Ia 4500 | ||
|---|---|---|---|
| 003 | GCL | ||
| 008 | 140319s9999 xx 000 0 eng d | ||
| 040 |
_aGCL / _cGCL |
||
| 082 | 0 | 4 |
_a745.92 _bW F |
| 100 | 1 | _aWESTLAND, PAMELA | |
| 245 | 1 | 0 |
_aFESTIVE GARLAND, SWAGS AND WREATHS / _cWESTLAND, PAMELA |
| 260 |
_a[S.N] : _bTHE APPLE PRESS ، _c1992 |
||
| 300 | _a128 P | ||
| 650 | 0 | 4 | _aFLOWERS |
| 650 | 0 | 4 | _aPLANT - MATERIALS |
| 650 | 0 | 4 | _aWEDDINGS |
| 650 | 0 | 4 | _aDECORATION |
| 650 | 0 | 4 | _aCOLOURING |
| 650 | 0 | 4 | _aARTS, FLOWER |
| 942 |
_2ddc _cBK |
||
| 999 |
_c21073 _d21073 |
||